[Event "European Rapid Championship 2021"]
[Site "Katowice"]
[Date "2021.12.18"]
[Round "6.9"]
[White "Mica, Marek"]
[Black "Nasuta, Grzegorz"]
[Result "0-1"]
[WhiteElo "2060"]
[BlackElo "2345"]
[Annotator "NA"]
[PlyCount "102"]
[EventDate "2021.12.18"]
[EventType "swiss"]
[EventCountry "POL"]
[SourceTitle "playchess.com"]
[Source "ChessBase"]
[SourceQuality "1"]
[TimeControl "900+10"]

1. c4 {[%emt 0:00:02]} e5 {[%emt 0:00:07]} 2. Nc3 {[%emt 0:00:02]} Nf6 {
[%emt 0:00:01]} 3. Nf3 {[%emt 0:00:01]} Nc6 {[%emt 0:00:01]} 4. e3 {[%emt 0:00:
07]} Be7 {[%emt 0:01:14]} 5. d4 {[%emt 0:00:28]} exd4 {[%emt 0:00:02]} 6. Nxd4
{[%emt 0:00:04]} Bb4 {[%emt 0:00:57]} 7. Nde2 {[%emt 0:01:07]} O-O {[%emt 0:00:
54]} 8. a3 {[%emt 0:00:09]} Be7 {[%emt 0:00:13]} 9. Nf4 {[%emt 0:00:18]} d6 {
[%emt 0:00:31]} 10. Be2 {[%emt 0:00:26]} Ne5 {[%emt 0:00:03]} 11. b3 {[%emt 0:
00:55]} c6 {[%emt 0:00:06]} 12. Bb2 {[%emt 0:00:36]} Bf5 {[%emt 0:00:47]} 13.
O-O {[%emt 0:00:45]} h6 {[%emt 0:00:31]} 14. Nd3 {[%emt 0:00:40]} Qc7 {[%emt 0:
00:09]} 15. h3 {[%emt 0:00:18]} Rad8 {[%emt 0:00:09]} 16. f4 {[%emt 0:01:46]}
Ned7 {[%emt 0:04:15]} 17. Nf2 {[%emt 0:02:24]} Qb6 {[%emt 0:01:39]} 18. Bf3 {
[%emt 0:00:38]} Nc5 {[%emt 0:01:00]} 19. b4 {[%emt 0:00:29]} Nd3 {[%emt 0:00:
01]} 20. Nxd3 {[%emt 0:00:22]} Qxe3+ {[%emt 0:00:02]} 21. Nf2 {[%emt 0:00:03]}
Qxf4 {[%emt 0:00:02]} 22. Nce4 {[%emt 0:02:08]} Bxe4 {[%emt 0:02:18]} 23. Nxe4
{[%emt 0:04:52]} Nxe4 {[%emt 0:00:01]} 24. Qd3 {[%emt 0:00:16]} Ng3 {[%emt 0:
01:45]} 25. Bxc6 {[%emt 0:00:09]} Nxf1 {[%emt 0:00:03]} 26. Rxf1 {[%emt 0:00:
04]} Qg5 {[%emt 0:01:56]} 27. Bxb7 {[%emt 0:00:05]} f5 {[%emt 0:00:19]} 28.
Bd5+ {[%emt 0:00:05]} Kh8 {[%emt 0:00:02]} 29. Bc1 {[%emt 0:00:20]} Qg6 {
[%emt 0:00:11]} 30. Be3 {[%emt 0:00:06]} a6 {[%emt 0:00:09]} 31. g4 {[%emt 0:
00:12]} Bg5 {[%emt 0:00:22]} 32. Bxg5 {[%emt 0:00:18]} Qxg5 {[%emt 0:00:01]}
33. Rxf5 {[%emt 0:00:02]} Rxf5 {[%emt 0:00:02]} 34. Qxf5 {[%emt 0:00:01]} Qe3+
{[%emt 0:00:12]} 35. Qf2 {[%emt 0:00:13]} Qxa3 {[%emt 0:00:14]} 36. g5 {
[%emt 0:00:26]} Qc1+ {[%emt 0:00:02]} 37. Kh2 {[%emt 0:00:02]} Qxg5 {[%emt 0:
00:01]} 38. Bc6 {[%emt 0:00:11]} Qe7 {[%emt 0:00:10]} 39. b5 {[%emt 0:00:09]}
axb5 {[%emt 0:00:02]} 40. cxb5 {[%emt 0:00:01]} Rf8 {[%emt 0:00:02]} 41. Qb2 {
[%emt 0:00:28]} Qe3 {[%emt 0:00:29]} 42. Bg2 {[%emt 0:00:06]} Rf2 {[%emt 0:00:
02]} 43. Qa1 {[%emt 0:00:07]} Qf3 {[%emt 0:00:43]} 44. Qg1 {[%emt 0:00:03]}
Qf4+ {[%emt 0:00:02]} 45. Kh1 {[%emt 0:00:02]} Rc2 {[%emt 0:00:02]} 46. b6 {
[%emt 0:00:28]} Rc1 {[%emt 0:00:02]} 47. b7 {[%emt 0:00:01]} Rxg1+ {[%emt 0:00:
03]} 48. Kxg1 {[%emt 0:00:01]} Qb4 {[%emt 0:00:02]} 49. Bd5 {[%emt 0:00:06]} g6
{[%emt 0:00:03]} 50. Kf2 {[%emt 0:00:04]} Kg7 {[%emt 0:00:02]} 51. Ke3 {
[%emt 0:00:02]} Kf6 {[%emt 0:00:02]} 0-1

[Event "European Rapid Championship 2021"]
[Site "Katowice"]
[Date "2021.12.18"]
[Round "6.10"]
[White "Spalir, Jernej"]
[Black "Castejon Caballero, Andres"]
[Result "1/2-1/2"]
[WhiteElo "2340"]
[BlackElo "2056"]
[Annotator "NA"]
[PlyCount "92"]
[EventDate "2021.12.18"]
[EventType "swiss"]
[EventCountry "POL"]
[SourceTitle "playchess.com"]
[Source "ChessBase"]
[SourceQuality "1"]
[TimeControl "900+10"]

1. d4 {[%emt 0:00:03]} Nf6 {[%emt 0:00:02]} 2. Nf3 {[%emt 0:00:02]} e6 {
[%emt 0:00:04]} 3. c4 {[%emt 0:00:02]} d5 {[%emt 0:00:02]} 4. Nc3 {[%emt 0:00:
01]} Bb4 {[%emt 0:00:01]} 5. Qa4+ {[%emt 0:00:03]} Nc6 {[%emt 0:00:02]} 6. e3 {
[%emt 0:00:02]} O-O {[%emt 0:00:48]} 7. Bd2 {[%emt 0:00:04]} Bxc3 {[%emt 0:01:
09]} 8. Bxc3 {[%emt 0:00:02]} Ne4 {[%emt 0:00:02]} 9. Qc2 {[%emt 0:00:03]} a5 {
[%emt 0:00:32]} 10. a3 {[%emt 0:00:43]} Bd7 {[%emt 0:04:17]} 11. Bd3 {[%emt 0:
00:03]} f5 {[%emt 0:00:01]} 12. O-O {[%emt 0:00:05]} g5 {[%emt 0:00:18]} 13.
Nd2 {[%emt 0:02:08]} Ne7 {[%emt 0:00:36]} 14. f3 {[%emt 0:00:08]} Nxc3 {
[%emt 0:00:47]} 15. bxc3 {[%emt 0:00:02]} Qe8 {[%emt 0:00:53]} 16. e4 {[%emt 0:
00:09]} Qh5 {[%emt 0:02:56]} 17. cxd5 {[%emt 0:01:29]} exd5 {[%emt 0:00:03]}
18. c4 {[%emt 0:00:03]} dxe4 {[%emt 0:00:54]} 19. fxe4 {[%emt 0:00:02]} f4 {
[%emt 0:00:01]} 20. e5 {[%emt 0:01:24]} Nf5 {[%emt 0:02:01]} 21. Bxf5 {[%emt 0:
00:07]} Bxf5 {[%emt 0:00:01]} 22. Qb3 {[%emt 0:00:17]} Rad8 {[%emt 0:00:08]}
23. d5 {[%emt 0:00:15]} b6 {[%emt 0:00:10]} 24. e6 {[%emt 0:00:11]} Bxe6 {
[%emt 0:00:36]} 25. Rae1 {[%emt 0:00:28]} Bf5 {[%emt 0:00:24]} 26. Nf3 {
[%emt 0:00:04]} Rde8 {[%emt 0:00:23]} 27. Nd4 {[%emt 0:00:13]} Rxe1 {[%emt 0:
00:20]} 28. Rxe1 {[%emt 0:00:01]} Re8 {[%emt 0:00:01]} 29. Qc3 {[%emt 0:00:26]}
Rxe1+ {[%emt 0:00:29]} 30. Qxe1 {[%emt 0:00:01]} Bd7 {[%emt 0:00:08]} 31. Ne6 {
[%emt 0:00:46]} Bxe6 {[%emt 0:01:06]} 32. dxe6 {[%emt 0:00:57]} Kf8 {[%emt 0:
00:09]} 33. Qd2 {[%emt 0:00:50]} Qe8 {[%emt 0:00:29]} 34. Qd5 {[%emt 0:00:01]}
Qe7 {[%emt 0:00:01]} 35. Qf5+ {[%emt 0:01:10]} Kg7 {[%emt 0:00:02]} 36. Qe5+ {
[%emt 0:00:03]} Kg6 {[%emt 0:00:07]} 37. Kf1 {[%emt 0:00:21]} Qd6 {[%emt 0:00:
41]} 38. Qe4+ {[%emt 0:00:01]} Kf6 {[%emt 0:00:01]} 39. Qxh7 {[%emt 0:00:08]}
Qd1+ {[%emt 0:00:15]} 40. Kf2 {[%emt 0:00:01]} Qd2+ {[%emt 0:00:01]} 41. Kf1 {
[%emt 0:00:02]} Qc1+ {[%emt 0:00:21]} 42. Kf2 {[%emt 0:00:04]} Qb2+ {[%emt 0:
00:06]} 43. Kf1 {[%emt 0:00:05]} Qa1+ {[%emt 0:00:02]} 44. Ke2 {[%emt 0:00:08]}
Qa2+ {[%emt 0:00:08]} 45. Ke1 {[%emt 0:00:11]} Qa1+ {[%emt 0:00:07]} 46. Ke2 {
[%emt 0:00:02]} Ke5 1/2-1/2

[Event "European Rapid Championship 2021"]
[Site "Katowice"]
[Date "2021.12.18"]
[Round "6.10"]
[White "Karpus, Michal"]
[Black "Dragnev, Valentin"]
[Result "1-0"]
[WhiteElo "2185"]
[BlackElo "2409"]
[Annotator "NA"]
[PlyCount "105"]
[EventDate "2021.12.18"]
[EventType "swiss"]
[EventCountry "POL"]
[SourceTitle "playchess.com"]
[Source "ChessBase"]
[SourceQuality "1"]
[TimeControl "900+10"]

1. e4 {[%emt 0:00:01]} d5 {[%emt 0:00:01]} 2. exd5 {[%emt 0:00:03]} Qxd5 {
[%emt 0:00:02]} 3. Nc3 {[%emt 0:00:03]} Qa5 {[%emt 0:00:01]} 4. d4 {[%emt 0:00:
04]} Nf6 {[%emt 0:00:02]} 5. Nf3 {[%emt 0:00:11]} Bf5 {[%emt 0:00:03]} 6. Bc4 {
[%emt 0:00:06]} Nbd7 {[%emt 0:00:10]} 7. Bd2 {[%emt 0:00:43]} c6 {[%emt 0:00:
02]} 8. Qe2 {[%emt 0:00:15]} Qc7 {[%emt 0:00:04]} 9. O-O-O {[%emt 0:00:19]} e6
{[%emt 0:00:03]} 10. Ne5 {[%emt 0:00:45]} Be7 {[%emt 0:00:10]} 11. Bf4 {
[%emt 0:02:42]} Bd6 {[%emt 0:05:25]} 12. Kb1 {[%emt 0:00:56]} O-O {[%emt 0:00:
35]} 13. f3 {[%emt 0:01:47]} Nd5 {[%emt 0:03:24]} 14. Bxd5 {[%emt 0:01:04]}
exd5 {[%emt 0:00:07]} 15. g4 {[%emt 0:00:08]} Be6 {[%emt 0:00:10]} 16. Nxd7 {
[%emt 0:01:06]} Bxd7 {[%emt 0:00:16]} 17. Bxd6 {[%emt 0:02:19]} Qxd6 {[%emt 0:
00:03]} 18. Rhe1 {[%emt 0:01:20]} Rae8 {[%emt 0:01:04]} 19. Qg2 {[%emt 0:00:30]
} Rxe1 {[%emt 0:03:10]} 20. Rxe1 {[%emt 0:00:02]} Qf4 {[%emt 0:00:01]} 21. Re7
{[%emt 0:00:53]} Bc8 {[%emt 0:00:27]} 22. Ne2 {[%emt 0:00:20]} Qd2 {[%emt 0:00:
03]} 23. Qf1 {[%emt 0:00:13]} f5 24. gxf5 {[%emt 0:00:19]} Qb4 {[%emt 0:01:37]}
25. f6 {[%emt 0:00:52]} Rxf6 {[%emt 0:00:11]} 26. Re8+ {[%emt 0:00:01]} Rf8 {
[%emt 0:00:01]} 27. Rxf8+ {[%emt 0:00:37]} Kxf8 {[%emt 0:00:09]} 28. Qc1 {
[%emt 0:00:17]} Qd6 {[%emt 0:00:18]} 29. Ng3 {[%emt 0:00:07]} Qf6 {[%emt 0:00:
43]} 30. Qe3 {[%emt 0:00:02]} Kf7 {[%emt 0:00:16]} 31. a4 {[%emt 0:00:48]} Bf5
{[%emt 0:00:09]} 32. Qb3 {[%emt 0:00:04]} Bc8 {[%emt 0:00:06]} 33. Qc3 {
[%emt 0:00:25]} Qe7 {[%emt 0:00:10]} 34. Qd2 {[%emt 0:00:14]} Qh4 {[%emt 0:00:
09]} 35. Qa5 {[%emt 0:00:13]} Qf4 {[%emt 0:00:52]} 36. Qd8 {[%emt 0:00:20]} Be6
{[%emt 0:00:16]} 37. Qa8 {[%emt 0:00:25]} Qxf3 {[%emt 0:00:27]} 38. Qxb7+ {
[%emt 0:00:01]} Kf6 {[%emt 0:00:08]} 39. Qxc6 {[%emt 0:00:23]} Qd1+ {[%emt 0:
00:01]} 40. Ka2 {[%emt 0:00:03]} Qxd4 {[%emt 0:00:01]} 41. Nh5+ {[%emt 0:00:12]
} Kf5 {[%emt 0:00:15]} 42. Ng3+ {[%emt 0:00:24]} Kf6 {[%emt 0:00:03]} 43. Nh5+
{[%emt 0:00:01]} Kf5 {[%emt 0:00:05]} 44. Ng3+ {[%emt 0:00:35]} Kf6 {[%emt 0:
00:09]} 45. Nh5+ {[%emt 0:00:02]} Ke7 {[%emt 0:00:26]} 46. Qc7+ {[%emt 0:00:13]
} Bd7 {[%emt 0:00:01]} 47. b3 {[%emt 0:00:03]} g6 {[%emt 0:00:09]} 48. Nf4 {
[%emt 0:00:04]} g5 {[%emt 0:00:20]} 49. Nd3 {[%emt 0:00:02]} Ke8 {[%emt 0:00:
40]} 50. Ne5 {[%emt 0:00:08]} Be6 {[%emt 0:00:12]} 51. Qb8+ {[%emt 0:00:03]}
Bc8 {[%emt 0:00:09]} 52. Qxc8+ {[%emt 0:00:02]} Ke7 {[%emt 0:00:00]} 53. Nc6+ {
[%emt 0:00:01]} 1-0

[Event "European Rapid Championship 2021"]
[Site "Katowice"]
[Date "2021.12.18"]
[Round "6.11"]
[White "Koziorowicz, Michal"]
[Black "Motylev, Alexander"]
[Result "0-1"]
[WhiteElo "2041"]
[BlackElo "2703"]
[Annotator "TA"]
[PlyCount "172"]
[EventDate "2021.12.18"]
[EventType "swiss"]
[EventCountry "POL"]
[SourceTitle "playchess.com"]
[Source "ChessBase"]
[SourceQuality "1"]

{[%evp 9,172,13,20,15,56,22,35,-4,-4,0,0,0,13,9,28,0,0,-101,-118,-103,-95,-133,
-116,-145,-138,-247,-271,-237,-81,-76,-80,-93,-76,-77,-77,-78,-54,-78,-74,-143,
-132,-143,-143,-143,-133,-146,-132,-143,-143,-143,-143,-168,-143,-143,-143,
-146,-119,-119,-119,-125,-83,-83,-83,-83,-83,-83,-83,-83,-83,-83,-83,-76,-69,
-86,-80,-76,-86,-90,-79,-245,-229,-237,-244,-226,-234,-181,-127,-129,-127,-136,
-133,-177,-169,-165,-155,-337,-339,-291,-213,-251,-243,-213,-217,-370,-199,
-205,-182,-543,-554,-543,-527,-512,-474,-606,-583,-539,-510,-536,-525,-486,
-403,-377,-398,-531,-504,-507,-514,-503,-515,-516,-384,-508,-370,-514,-503,
-459,-432,-591,-563,-611,-653,-891,-808,-431,-796,-708,-605,-493,0,-583,-517,
-1060,-1011,-999,-734,-2043,-1994,-2836,-2468,-7510,-8156,-29981,-29982,-29982,
-438]} 1. e4 c6 2. d4 {[%cal Bd2d4,Bd4c5][%mdl 32]} d5 3. e5 c5 4. dxc5 e6 5.
Be3 Nd7 6. Nf3 {B12: Caro-Kann: Advance Variation.} Qc7 (6... Bxc5 $11 {
might be stronger.} 7. Bxc5 Nxc5) 7. Nc3 {And now Nb5 would win.} a6 {[#] To
avoid Nb5} 8. Be2 $146 {White is slightly better.} ({Predecessor:} 8. Qd4 Ne7
9. Qa4 Rb8 10. O-O-O Nf5 11. Bf4 b5 12. cxb6 Qxb6 13. b3 Bb4 14. Nb5 {0-1 (23)
Cop,T (2304)-Ivekovic,M (2201) Croatia 2015}) 8... Bxc5 9. Bxc5 Qxc5 10. O-O
Ne7 11. Qd2 Ng6 12. Qg5 O-O 13. Rad1 {Inhibits d4.} (13. Bd3 $11) 13... Qc7 $17
14. Rfe1 Ndxe5 {[%cal Bd7e5,Be5c6,Bc6d4][%mdl 32]} 15. Nd4 Nc6 16. h4 h6 17.
Qh5 (17. Qg3 $17 {might work better.} Qxg3 18. fxg3) 17... Nxd4 $1 $19 18. Rxd4
Qe5 $2 (18... Qb6 $19 {is more deadly.} 19. Red1 Qxb2) 19. Qxe5 $17 Nxe5 20.
Na4 Nc6 {[%cal Be5c6,Bc6b8,Bb8d7][%mdl 32]} 21. Rd2 b5 22. Nc5 Ra7 23. c3 Rc7
24. b4 (24. f4 $142) 24... Nb8 $1 25. Rc1 Nd7 26. Nb3 Bb7 27. Rdc2 Rfc8 28. f4
Kf8 {[%cal Bg8f8,Bf8e7,Be7d6][%mdl 32]} 29. Kf2 Ke7 30. Ke3 h5 31. g3 g6 32.
Kd2 Kd6 33. Ra1 Nb6 34. Nc5 Rxc5 ({Black should try} 34... Ke7 35. Ke3 Ra8) 35.
bxc5+ Rxc5 36. Rg1 Nd7 37. Rb1 {[%cal Oa2a4]} Bc6 38. Bd3 Nb6 39. Rg1 Bd7 40.
Rcc1 Rc8 41. g4 hxg4 42. Rxg4 Nc4+ 43. Ke2 Nb2 {[%cal Ob5b4] Black is more
active.} 44. Rg5 $2 (44. Rg3 $17 {was necessary.}) 44... b4 $1 $19 45. Kd2 Nxd3
46. Kxd3 {[%mdl 4096] Endgame KRR-KRB} Rc4 47. Rg4 {[#]} a5 (47... Be8 $1 $19
48. h5 Bb5) 48. Kd2 $17 Re4 49. cxb4 axb4 50. Rf1 (50. Re1 $17) 50... Bb5 $19
51. Rf2 Bc4 52. Kc1 $2 (52. Kd1 $17 {was called for.}) 52... Re1+ 53. Kb2 Rh1
54. Rd2 {[%cal Of4f5] [#]} Kc5 $1 55. Rdg2 Rf1 56. Rh2 $2 (56. Rd2) 56... Kb5 (
56... Bd3 $142 {[%csl Gd3][%cal Rf1b1]} 57. Kb3 Ra1) 57. Rd2 Ka4 {Inhibits a3.}
58. Rdg2 $2 (58. Rgg2) 58... Bd3 {[%csl Gd3][%cal Rf1b1]} 59. Rg1 Rf2+ 60. Ka1
Bf5 61. Rg5 Rxf4 62. h5 gxh5 63. Rxh5 Bd3 64. Rh8 Kb5 65. Rb8+ Kc5 {aiming for
...e5.} 66. Rc1+ Bc4 67. Rc8+ Kd6 68. Rb8 Rf2 69. Rxb4 Rxa2+ 70. Kb1 Ra6 71.
Rb8 Bd3+ 72. Kb2 f5 73. Re1 Be4 74. Kc3 Ke5 75. Rb3 Rc6+ 76. Kb2 Rc2+ 77. Ka3
Kd6 {Threatens to win with ...f4.} 78. Rb6+ Ke5 $2 (78... Rc6 $19 79. Rxc6+
Kxc6) 79. Kb3 $2 {[%mdl 8192]} (79. Rb3 $1 $11 f4 80. Rh3) 79... Rc8 80. Rg1 (
80. Kb2 $142 f4 81. Rb3) 80... f4 {[%cal Bf5f4,Bf4f3][%mdl 32]} 81. Rb7 Rf8 {
Strongly threatening ...f3.} 82. Rf1 f3 {Hoping for ...f2.} 83. Rf2 Kd4 84. Ra7
Ke3 85. Raa2 Rb8+ 86. Kc3 d4+ {Weighted Error Value: White=0.30/Black=0.14 
(very precise)} 0-1

[Event "European Rapid Championship 2021"]
[Site "Katowice"]
[Date "2021.12.18"]
[Round "6.11"]
[White "Morkunas, Gustas"]
[Black "Papasimakopoulos, Alexandros"]
[Result "0-1"]
[WhiteElo "1907"]
[BlackElo "2274"]
[Annotator "NA"]
[PlyCount "116"]
[EventDate "2021.12.18"]
[EventType "swiss"]
[EventCountry "POL"]
[SourceTitle "playchess.com"]
[Source "ChessBase"]
[SourceQuality "1"]
[TimeControl "900+10"]

1. e4 {[%emt 0:00:03]} e6 {[%emt 0:00:01]} 2. d4 {[%emt 0:00:01]} d5 {[%emt 0:
00:01]} 3. Nc3 {[%emt 0:00:02]} Bb4 {[%emt 0:00:01]} 4. Nge2 {[%emt 0:00:01]}
Nc6 {[%emt 0:00:02]} 5. e5 {[%emt 0:01:22]} Nge7 {[%emt 0:00:02]} 6. a3 {
[%emt 0:00:14]} Ba5 {[%emt 0:00:01]} 7. b4 {[%emt 0:00:04]} Bb6 {[%emt 0:00:01]
} 8. Na4 {[%emt 0:00:01]} O-O {[%emt 0:00:02]} 9. g3 {[%emt 0:00:34]} Bd7 {
[%emt 0:00:25]} 10. Nxb6 {[%emt 0:00:02]} axb6 {[%emt 0:00:02]} 11. Bb2 {
[%emt 0:00:19]} f6 {[%emt 0:00:22]} 12. exf6 {[%emt 0:00:33]} Rxf6 {[%emt 0:00:
03]} 13. Bg2 {[%emt 0:00:02]} Be8 {[%emt 0:00:27]} 14. Nf4 {[%emt 0:00:44]} Nf5
{[%emt 0:00:49]} 15. O-O {[%emt 0:00:13]} g5 {[%emt 0:00:02]} 16. Ne2 {[%emt 0:
01:21]} Bh5 {[%emt 0:00:03]} 17. Re1 {[%emt 0:00:23]} Nd6 {[%emt 0:01:34]} 18.
Bc1 {[%emt 0:02:02]} h6 {[%emt 0:00:18]} 19. Be3 {[%emt 0:00:54]} Nc4 {[%emt 0:
00:01]} 20. Qc1 {[%emt 0:00:19]} Qf8 {[%emt 0:06:11]} 21. Nc3 {[%emt 0:06:01]}
Ne7 {[%emt 0:00:11]} 22. f4 {[%emt 0:00:30]} Nxe3 {[%emt 0:00:18]} 23. Qxe3 {
[%emt 0:00:05]} gxf4 {[%emt 0:00:04]} 24. gxf4 {[%emt 0:00:10]} Bg4 {[%emt 0:
00:13]} 25. Rf1 {[%emt 0:00:21]} Ng6 {[%emt 0:00:26]} 26. h3 {[%emt 0:00:42]}
Bf5 {[%emt 0:00:04]} 27. Rf2 {[%emt 0:00:24]} Kh7 {[%emt 0:00:08]} 28. Kh2 {
[%emt 0:01:06]} c6 {[%emt 0:00:37]} 29. Nd1 {[%emt 0:00:37]} Qd6 {[%emt 0:00:
11]} 30. Qg3 {[%emt 0:00:24]} Rg8 {[%emt 0:00:02]} 31. Ne3 {[%emt 0:00:07]} Ne7
{[%emt 0:01:46]} 32. Qh4 {[%emt 0:00:25]} Rfg6 {[%emt 0:00:03]} 33. Bf3 {
[%emt 0:00:08]} R6g7 {[%emt 0:00:16]} 34. Bg4 {[%emt 0:00:15]} Rf8 {[%emt 0:00:
50]} 35. Raf1 {[%emt 0:00:05]} Be4 {[%emt 0:00:29]} 36. c3 {[%emt 0:00:13]} Ng6
{[%emt 0:00:59]} 37. Qg3 {[%emt 0:00:01]} h5 {[%emt 0:01:02]} 38. f5 {[%emt 0:
00:22]} Qxg3+ {[%emt 0:00:19]} 39. Kxg3 {[%emt 0:00:01]} exf5 {[%emt 0:00:30]}
40. Nxf5 {[%emt 0:00:17]} Rgf7 {[%emt 0:01:03]} 41. Bxh5 {[%emt 0:00:19]} Rxf5
{[%emt 0:00:06]} 42. Rxf5 {[%emt 0:00:05]} Rxf5 {[%emt 0:00:02]} 43. Rxf5 {
[%emt 0:00:01]} Bxf5 {[%emt 0:00:02]} 44. Be2 {[%emt 0:00:07]} Kg7 {[%emt 0:00:
11]} 45. a4 {[%emt 0:00:13]} Kf6 {[%emt 0:00:05]} 46. h4 {[%emt 0:00:14]} Bc2 {
[%emt 0:00:10]} 47. a5 {[%emt 0:00:04]} b5 {[%emt 0:00:02]} 48. Bg4 {[%emt 0:
00:08]} Bf5 {[%emt 0:00:01]} 49. Bh5 {[%emt 0:00:07]} Ne7 {[%emt 0:00:19]} 50.
Kf4 {[%emt 0:00:16]} Nc8 {[%emt 0:00:05]} 51. Bf3 {[%emt 0:00:25]} Nd6 {
[%emt 0:00:06]} 52. Bh5 {[%emt 0:00:05]} Ne4 {[%emt 0:00:04]} 53. Be8 {[%emt 0:
00:10]} Nxc3 {[%emt 0:00:34]} 54. h5 {[%emt 0:00:01]} Na2 {[%emt 0:00:23]} 55.
h6 {[%emt 0:00:20]} Nxb4 {[%emt 0:00:05]} 56. h7 {[%emt 0:00:05]} Bxh7 {
[%emt 0:00:03]} 57. Bd7 {[%emt 0:00:01]} Nd3+ {[%emt 0:00:33]} 58. Kg4 {
[%emt 0:00:04]} Nb2 {[%emt 0:00:05]} 0-1

[Event "European Rapid Championship 2021"]
[Site "Katowice"]
[Date "2021.12.18"]
[Round "6.12"]
[White "Demchenko, Anton"]
[Black "Lewtak, Damian"]
[Result "1/2-1/2"]
[WhiteElo "2666"]
[BlackElo "2185"]
[Annotator "TA"]
[PlyCount "144"]
[EventDate "2021.12.18"]
[EventType "swiss"]
[EventCountry "POL"]
[SourceTitle "playchess.com"]
[Source "ChessBase"]
[SourceQuality "1"]

{[%evp 9,144,35,46,48,48,47,81,50,61,44,44,43,54,29,47,45,39,38,32,35,32,37,46,
39,37,31,68,55,79,76,79,72,62,72,89,72,61,64,47,43,57,45,210,168,161,118,108,
23,35,24,30,13,16,0,0,0,0,0,0,-165,-35,-77,0,0,-17,0,0,0,0,0,0,0,0,-181,-181,
-181,-181,-181,0,-8,-8,-8,-8,-8,-8,-1047,-1033,-988,-879,-1400,-1127,-2226,
-2010,-3607,-2955,-1660,-1543,-4865,-3682,-4083,-3354,-2624,-2487,-2343,-2316,
-2415,-1872,-1613,-1409,-1077,-121,-121,-121,-120,-8,-9324,-7714,-7256,0,-7382,
0,-6552,-6125,-5346,-4133,-12827,-9358,-29976,-2068,-29977,-29978,-29989,
-29990,-29991,-29992,-29992,-29993]} 1. e4 b6 2. d4 Bb7 3. Bd3 g6 4. f4 Bg7 5.
Nf3 d5 6. e5 {B00: Queen's Fianchetto Defence, Nimzowitsch Defence.} e6 {
To avoid f5} 7. c3 {[#]} h5 $146 ({Predecessor:} 7... Ne7 8. b3 O-O 9. Ba3 f6
10. Nbd2 fxe5 11. fxe5 Nf5 12. Bxf8 Ne3 13. Qe2 Nxg2+ 14. Qxg2 Qxf8 {1-0 (27)
Villamizar,C (1599)-Pacheco Quintero,O (1582) Ocana 2017}) 8. Be3 {White is
better.} a5 9. Na3 Ne7 10. Bf2 Ba6 11. Nb5 Nc8 12. Bh4 Qd7 13. a4 c6 {[%cal
Bc7c6,Bc6c5][%mdl 32]} 14. Na3 Bxd3 15. Qxd3 Ne7 16. O-O Nf5 17. Bg5 c5 18. Nb5
Nc6 19. Nh4 Nxh4 20. Nd6+ Kf8 {Threatens to win with ...Nf5.} 21. Bxh4 cxd4 22.
cxd4 Nxd4 23. Bf2 ({But not} 23. Qxd4 Qxd6 24. Bf2 Qd8 $11) 23... Nf5 24. Nxf5
gxf5 25. Bxb6 Rh6 $2 (25... Kg8 $14) 26. Rfc1 Kg8 27. Rc7 (27. Qb5 $18 Qe7 28.
Rc2) 27... Qe8 28. Qd2 (28. Rc5 $16) 28... Rg6 $11 29. Bxa5 Bh6 $1 30. h3 {
Prevents Rg4.} Qb8 {[%cal Oa8a5]} 31. Rac1 Qb3 {[%csl LRa4,LRh3] Hoping for ...
Qxh3.} 32. Rc8+ Rxc8 33. Rxc8+ Kh7 34. Bd8 $2 (34. Qf2 $11 {and White is okay.}
) 34... Qxa4 (34... Rg8 $1 $19 35. a5 Qb5) 35. Bf6 $15 {[%csl Gf6][%cal Rc8h8]
[#]} Bg7 {Inhibits Rh8+.} (35... Rxf6 $1 $17 36. exf6 Bxf4) 36. Bg5 {Active
counter play!} Rxg5 37. fxg5 Bxe5 $11 {[%mdl 4096] Endgame KQR-KQB} 38. Qe2
Qd4+ 39. Kh1 {Really sharp!} Kg6 40. Rg8+ Bg7 41. Rc8 $2 (41. b4 $11) 41...
Qxb2 $19 42. Qxb2 Bxb2 {KR-KB} 43. h4 d4 $2 (43... Be5 $19 {And now ...Bg3
would win.} 44. Rg8+ Kh7) 44. g3 e5 {[%cal Be6e5,Be5e4][%mdl 32]} 45. Rc6+ Kg7
46. Kg2 d3 47. Rd6 $2 {[%mdl 8192]} (47. Kf2 $11) 47... e4 $1 ({Worse is} 47...
Bd4 48. Kf1 $11) 48. Rd5 Kg6 49. Kf1 f6 50. gxf6 Kxf6 {aiming for ...Ke6.} 51.
Kf2 Bc1 {...Bd2 is the strong threat.} 52. Ke1 {Prevents Bd2+.} Ke6 53. Rd8 Ba3
{White must now prevent ...Be7.} 54. Kd2 Bb4+ 55. Ke3 Bc5+ 56. Kd2 Bd6 57. Rg8
Kf7 58. Rg5 Kf6 59. Rg8 f4 $2 (59... Bb4+ $19 60. Ke3 Ke5) 60. gxf4 $17 Bxf4+
61. Kc3 {[#]} Kf5 (61... Ke5 $1 $17 {Strongly threatening ...Be3.} 62. Rh8 Bc1
63. Rxh5+ Kf4) 62. Rg2 $2 {[%mdl 8192]} (62. Kd4 $11) 62... Be5+ 63. Kd2 Bf4+
64. Kc3 Be5+ 65. Kd2 $1 {[#]} Bf6 $1 66. Rh2 Ke5 67. Ke3 Be7 {( -> ...Bc5+)}
68. Rh1 Bc5+ 69. Kd2 Kd4 {Black mates.} 70. Ra1 e3+ 71. Kc1 e2 72. Kb2 d2 {
[%mdl 32768] What a bad dream for White.  Weighted Error Value: White=0.73/
Black=0.51. An unexpected result.} 1/2-1/2